AH International Schools' Libraries

Anatomy of a crisis : (Record no. 49618)

MARC details
000 -LEADER
fixed length control field 00410nam a2200121 4500
020 ## - INTERNATIONAL STANDARD BOOK NUMBER
International Standard Book Number 9789749575086
100 ## - MAIN ENTRY--PERSONAL NAME
Personal name Ayres, David M.
9 (RLIN) 86737
245 ## - TITLE STATEMENT
Title Anatomy of a crisis :
Remainder of title education, development, and the state in Cambodia, 1953 - 1998 /
Statement of responsibility, etc David M. Ayres.
260 ## - PUBLICATION, DISTRIBUTION, ETC. (IMPRINT)
Place of publication, distribution, etc Chiang Mai - Thailand:
Name of publisher, distributor, etc Silkworm Books;
Date of publication, distribution, etc 2003.
300 ## - PHYSICAL DESCRIPTION
Extent 256 p.
Dimensions 23 cm.
650 ## - SUBJECT ADDED ENTRY--TOPICAL TERM
Topical term or geographic name as entry element Education in Cambodia.
9 (RLIN) 86738
942 ## - ADDED ENTRY ELEMENTS (KOHA)
Source of classification or shelving scheme
Koha item type Teacher's Resources
Holdings
Withdrawn status Lost status Source of classification or shelving scheme Damaged status Not for loan Collection code Home library Current library Shelving location Date acquired Full call number Barcode Date last seen Price effective from Koha item type
          TEACHERS' RESOURCES Asian Hope Secondary Library Asian Hope Secondary Library SECONDARY 10/08/2025 379.596 AYR 208279 10/08/2025 10/08/2025 Teacher's Resources

For any Logos Library related questions please contact Miss Art at swongnarasuk@asianhope.org.

For any Asian Hope Library related questions please contact Miss Raza at graza@asianhope.org.

Powered by Koha